Cumayasa : (Registro nro. 44690)
[ vista simple ]
| 000 -CABECERA | |
|---|---|
| campo de control de longitud fija | 00632nam a2200193 a 4500 |
| 001 - NÚMERO DE CONTROL | |
| campo de control | 000045201 |
| 005 - FECHA Y HORA DE LA ÚLTIMA TRANSACCIÓN | |
| campo de control | 20201002045948.0 |
| 008 - DATOS DE LONGITUD FIJA--INFORMACIÓN GENERAL | |
| campo de control de longitud fija | 150210s2001 dr a 000 0 spa d |
| 040 ## - FUENTE DE LA CATALOGACIÓN | |
| Centro catalogador/agencia de origen | DO-SdBNP |
| Lengua de catalogación | spa |
| Centro/agencia transcriptor | BNPHU |
| 082 ## - NÚMERO DE LA CLASIFICACIÓN DECIMAL DEWEY | |
| Número de clasificación | RD863.44 |
| Número de documento/Ítem | Y36c |
| 100 1# - ENTRADA PRINCIPAL--NOMBRE DE PERSONA | |
| Nombre de persona | Ybarra, Ondina |
| 9 (RLIN) | 73217 |
| 245 10 - MENCIÓN DE TÍTULO | |
| Título | Cumayasa : |
| Resto del título | cuento infantil / |
| Mención de responsabilidad, etc. | Ondina Ybarra. |
| 246 13 - FORMA VARIANTE DE TÍTULO | |
| Título propio/Titulo breve | Cumayasa |
| 260 ## - PUBLICACIÓN, DISTRIBUCIÓN, ETC. | |
| Lugar de publicación, distribución, etc. | Santo Domingo : |
| Nombre del editor, distribuidor, etc. | Mediabyte, |
| -- | Cocolo, |
| Fecha de publicación, distribución, etc. | 2001. |
| 300 ## - DESCRIPCIÓN FÍSICA | |
| Extensión | 32 p. : |
| Otras características físicas | il. ; |
| Dimensiones | 27 cm. |
| 500 ## - NOTA GENERAL | |
| Nota general | Incluye datos biográficos de de la autora en las solapas. |
| 650 #4 - PUNTO DE ACCESO ADICIONAL DE MATERIA--TÉRMINO DE MATERIA | |
| Término de materia o nombre geográfico como elemento de entrada | Cuentos infantiles dominicanso |
| 9 (RLIN) | 72162 |
| 650 #4 - PUNTO DE ACCESO ADICIONAL DE MATERIA--TÉRMINO DE MATERIA | |
| Término de materia o nombre geográfico como elemento de entrada | Literatura infantil dominicana |
| 9 (RLIN) | 441 |
| Estado de retiro | Estado de pérdida | No para préstamo | Código de colección | Localización permanente | Ubicación/localización actual | Ubicación en estantería | Fecha de adquisición | Número de inventario | Total de préstamos | Signatura topográfica completa | Código de barras | Fecha visto por última vez | Precio válido a partir de | Tipo de ítem Koha |
|---|---|---|---|---|---|---|---|---|---|---|---|---|---|---|
| Excluido de préstamo | Infantojuvenil Patrimonio Dominicano | Patrimonio Dominicano | Biblioteca Nacional Pedro Henríquez Ureña | Depósito | 10.02.2015 | LF1 | RD863.44 Y36c | 45201-10 | 25.06.2020 | 25.06.2020 | No se presta |
